00791nam a2200193 a 450000100100000000500170001000800410002702000150006804000130008310000350009624501380013126001070026930000310037650000210040750000410042804900090046995201040047899900150058200000558720200929151722.0090820s1977 sp 001 0 spa d a8400036948 aDO-SdBNP1 aMoreno Febrian, Alfredo91577513aEl corregidor de indios y la economía peruana del siglo XVIII/ :blos repartos forzozos de mercancías: /cAlfredo Moreno Cebrian. aMadrid :bConsejo superior de investigaciones cientificas instuto <>,c1977. a801 p. :bdiagr. ;c24 cm. aIncluye índice aIncluye nota al pie de las páginas aBNPD 001050718MOaGRbGRcCTd2009-08-20iLF1l0o p5587-10r2020-06-25w2020-06-25y1ZNo se presta c5386d5386